| 000 | 00585nam a2200205Ia 4500 | ||
|---|---|---|---|
| 003 | OSt | ||
| 005 | 20250303155346.0 | ||
| 008 | 210210b1970 xxu||||| |||| 00| 0 eng d | ||
| 040 | _cAL | ||
| 041 | _ahin | ||
| 082 | _aH891.4 MITV | ||
| 100 |
_aMitr(Ved): _9203538 |
||
| 110 |
_bमित्र वेद _9203539 |
||
| 245 |
_aVijnan ke jharoke se tumhari duniya: _bविज्ञान के जारोखों से तुम्हारी |
||
| 260 |
_aDilli _bShubhkamna _c1970 |
||
| 300 | _a72 | ||
| 690 |
_aHindi Prose _9203540 |
||
| 906 | _a029930 | ||
| 942 |
_2ddc _cBK |
||
| 999 |
_c81128 _d81128 |
||